Statistiques concernant Cinq villes les plus devinées par continent

Cliquez ici pour prendre le quiz!

Statistiques générales

  • Ce quiz a été pris 347 fois
  • Le résultat moyen est 23 sur 30

Statistiques - réponses

continent% devinéville% Correct
Europe99Paris
99%
Amérique du Nord97New York
97%
Europe99Londres
96%
Europe95Madrid
96%
Asi98Tokyo
96%
Europe96Berlin
95%
Asie96Pékin
95%
Europe96Rome
95%
Amérique du Sud85Rio de Janeiro
93%
Océanie99Sydney
92%
Amérique du Nord93Los Angeles
91%
Amérique du Sud77Buenos Aires
86%
Amérique du Nord89Mexico
86%
Afrique98Le Caire
83%
Amérique du Sud75São Paulo
72%
Amérique du Sud69Lima
71%
Amérique du Sud67Bogotá
68%
Asie90Delhi
68%
Océanie96Melbourne
68%
Océanie94Wellington
68%
Amérique du Nord85Chicago
66%
Afrique90Le Cap
66%
Amérique du Nord82San Francisco
65%
Afrique95Johannesbourg
63%
Asie90Shanghaï
52%
Afrique86Lagos
49%
Asie86Mumbai
48%
Océanie96Auckland
47%
Océanie96Perth
45%
Afrique84Nairobi
35%

Distribution des résultats

Percentile par nombre de réponses

% des personnes avec chaque résultat

Votre développement - résultats

Vous n’avez pas pris ce quiz